000 00314nam a22001337a 4500
008 171106b xxu||||| |||| 00| 0 eng d
020 _a0721617042
041 _aeng
080 _23RD
_a330.722.6
100 _a62
101 _aKON
245 _aFINANCIAL ACCOUNTING AN INTRODUCTION
_cBIERMAN,H
942 _2udc
_cBK
999 _c37895
_d37895